El tesoro de los chistes (Record no. 166180)
[ view plain ]
| 000 -LEADER | |
|---|---|
| campo de control de longitud fija | 01187nam a22002775i 4500 |
| 001 - NÚMERO DE CONTROL | |
| campo de control | 166180 |
| 003 - IDENTIFICADOR DE NÚMERO DE CONTROL | |
| campo de control | ES-MaACL |
| 005 - FECHA Y HORA DE LA ÚLTIMA TRANSACCIÓN | |
| campo de control | 20251118144839.0 |
| 008 - DATOS DE LONGITUD FIJA--INFORMACIÓN GENERAL | |
| campo de control de longitud fija | 970918s1847 sp a |||| | spa d |
| 080 ## - NÚMERO DE LA CLASIFICACIÓN DECIMAL UNIVERSAL | |
| Número de la Clasificación Decimal Universal | 821.134.2-84"18" |
| 245 03 - MENCIÓN DEL TÍTULO | |
| Título | El tesoro de los chistes |
| Resto del título | : colección de epígramas, anécdotas, cuentos, chascarrillos, dichos y sentencias de hombres célebres y otras muchas cosas que podrán ver los que no sean ciegos / |
| Mención de responsabilidad, etc. | por Juan Martínez Villergas y Ramón Satorres. |
| 260 ## - PUBLICACIÓN, DISTRIBUCIÓN, ETC. | |
| Lugar de publicación, distribución, etc. | Madrid : |
| Nombre del editor, distribuidor, etc. | [s.n.], |
| Fecha de publicación, distribución, etc. | 1847 ( |
| Fabricante | La Ilustración, Sociedad Tipográfica-Literaria Universal) |
| 300 ## - DESCRIPCIÓN FÍSICA | |
| Extensión | 639 p., [1] h. de lám. ; |
| Dimensiones | 20 cm. |
| 490 1# - MENCIÓN DE SERIE | |
| Mención de serie | La Ilustración |
| 530 ## - NOTA DISPONIBLE DE FORMULARIO FÍSICO ADICIONAL | |
| Nota de formato físico adicional disponible | Disponible en formato digital. |
| 599 ## - NOTA A LAS ILUSTRACIONES | |
| NOTA A LAS ILUSTRACIONES | Lám. litogr.: "Sainz, Ortega" |
| 650 #4 - PUNTO DE ACCESO ADICIONAL DE MATERIA--TÉRMINO DE MATERIA | |
| Término de materia o nombre geográfico como elemento de entrada | Chistes. |
| 9 (RLIN) | 138672 |
| 650 #4 - PUNTO DE ACCESO ADICIONAL DE MATERIA--TÉRMINO DE MATERIA | |
| Término de materia o nombre geográfico como elemento de entrada | Epigramas. |
| 9 (RLIN) | 136006 |
| 650 #4 - PUNTO DE ACCESO ADICIONAL DE MATERIA--TÉRMINO DE MATERIA | |
| Término de materia o nombre geográfico como elemento de entrada | Anécdotas. |
| 9 (RLIN) | 156026 |
| 700 1# - ENTRADA AGREGADA--NOMBRE PERSONAL | |
| Nombre de persona | Martínez Villergas, Juan, |
| Fechas asociadas al nombre | 1817-1894 |
| 9 (RLIN) | 78481 |
| 700 1# - ENTRADA AGREGADA--NOMBRE PERSONAL | |
| Nombre de persona | Satorres, Ramón. |
| 9 (RLIN) | 132493 |
| 830 1# - PUNTO DE ACCESO ADICIONAL DE SERIE-TÍTULO UNIFORME | |
| Título uniforme | La Ilustración |
| 9 (RLIN) | 222526 |
| 852 4# - LOCALIZACIÓN | |
| Ubicación | ES-MaACL |
| Número de control de estantería | G-6543 |
| Nota libre | - Enc. pasta |
| 856 4# - LOCALIZACIÓN Y ACCESO ELECTRÓNICOS | |
| Identificador Uniforme de Recursos | <a href="http://bdh-rd.bne.es/viewer.vm?id=0000038085&page=1 ">http://bdh-rd.bne.es/viewer.vm?id=0000038085&page=1 </a> |
| Nota pública | Biblioteca Digital Hispánica |
| Estatus retirado | Estado de pérdida | Estado de daño | No para préstamo | Colección | Biblioteca de origen | Biblioteca actual | Ubicación en estantería | Fecha de adquisición | Fuente de adquisición | Total de préstamos | Signatura topográfica completa | Código de barras | Visto por última vez | Precio de reemplazo | Tipo de ítem Koha |
|---|---|---|---|---|---|---|---|---|---|---|---|---|---|---|---|
| Colección digital | Biblioteca del Ateneo de Madrid | Biblioteca del Ateneo de Madrid | Depósito 2 | 17/01/2008 | G-6543 | 1174279 | 23/02/2023 | 23/02/2023 | Libro impreso antiguo |
